Statistics for U.S. General Knowledge by Letter - O

Click here to take the quiz!

General Stats

  • This quiz has been taken 69 times
  • The average score is 10 of 16

Answer Stats

HintAnswer% Correct
7th most populous stateOhio
98%
State bordering CaliforniaOregon
98%
It's biggest city is _________ CityOklahoma
90%
Great LakeOntario
90%
Most Populated Hawaiian islandO'ahu
89%
4th biggest city in FloridaOrlando
89%
Populous county in Los AngelesOrange
87%
This city in Louisiana is the new versionOrleans
84%
Biggest city in NebraskaOmaha
82%
City across the San Francisco BayOakland
68%
National Park in WashingtonOlympic
31%
Biggest lake in FloridaOkeechobee
24%
Texas city on the I-20 chainOdessa
16%
Kansas City suburbOverland Park
16%
Coastal California city near Los AngelesOxnard
8%
River that goes through Arkansas and LouisianaOuachita River
5%

Score Distribution

Percentile by Number Answered

Percent of People with Each Score

Your Score History

You have not taken this quiz